All "Lover" Songs - Taylor Swift - Statistics

General Stats
  • This quiz has been taken 280 times
  • The average score is 14 of 18
Answer Stats
Hint Answer % Correct
3 Lover
96%
16 ME! (feat. Brendon Urie of Panic! At The Disco)
95%
2 Cruel Summer
87%
5 The Archer
84%
4 The Man
82%
18 Daylight
81%
8 Paper Rings
81%
9 Cornelia Street
79%
14 You Need To Calm Down
79%
15 Afterglow
78%
12 Soon You'll Get Better (feat. The Chicks)
77%
7 Miss Americana & The Heartbreak Prince
75%
11 London Boy
74%
17 It's Nice To Have A Friend
70%
10 Death By A Thousand Cuts
68%
6 I Think He Knows
68%
13 False God
63%
1 I Forgot That You Existed
45%
No matching quizzes found
Score Distribution
Percent of People with Each Score
Percentile by Number Answered
Your Score History
You have not taken this quiz